El pueblo del abismo / (Registro nro. 189264)
[ vista simple ]
| 000 -LEADER | |
|---|---|
| campo de control de longitud fija | 00849nam a2200253 i 4500 |
| 001 - NÚMERO DE CONTROL | |
| campo de control | 189264 |
| 003 - IDENTIFICADOR DE NÚMERO DE CONTROL | |
| campo de control | SpMaBN |
| 005 - FECHA Y HORA DE LA ÚLTIMA TRANSACCIÓN | |
| campo de control | 20250829025821.0 |
| 008 - DATOS DE LONGITUD FIJA--INFORMACIÓN GENERAL | |
| campo de control de longitud fija | 190503s2003 sp |||| |dspa d |
| 020 ## - NÚMERO INTERNACIONAL ESTÁNDAR DEL LIBRO | |
| Número Internacional Estándar del Libro | 84-7702-424-3 |
| 080 ## - NÚMERO DE LA CLASIFICACIÓN DECIMAL UNIVERSAL | |
| Número de la Clasificación Decimal Universal | 308(410.111.11)"1902" |
| 100 1# - ENTRADA PRINCIPAL--NOMBRE DE PERSONA | |
| Nombre de persona | London, Jack, |
| Fechas asociadas al nombre | 1876-1916 |
| 9 (RLIN) | 73218 |
| 245 13 - MENCIÓN DEL TÍTULO | |
| Título | El pueblo del abismo / |
| Mención de responsabilidad, etc. | Jack London ; traducción, José Luis Moreno-Ruiz. |
| 250 ## - MENCION DE EDICION | |
| Mención de edición | 1ª ed. |
| 260 ## - PUBLICACIÓN, DISTRIBUCIÓN, ETC. | |
| Lugar de publicación, distribución, etc. | Madrid : |
| Nombre del editor, distribuidor, etc. | Valdemar, |
| Fecha de publicación, distribución, etc. | 2003. |
| 300 ## - DESCRIPCIÓN FÍSICA | |
| Extensión | 348 p. ; |
| Dimensiones | 17 cm. |
| 490 1# - MENCIÓN DE SERIE | |
| Mención de serie | El club Diógenes ; |
| Designación de volumen o secuencia | 193 |
| 651 #4 - PUNTO DE ACCESO ADICIONAL DE MATERIA--NOMBRE GEOGRÁFICO | |
| Nombre geográfico | Londres- |
| Subdivisión general | Situación social. |
| 9 (RLIN) | 166965 |
| 700 1# - ENTRADA AGREGADA--NOMBRE PERSONAL | |
| Nombre de persona | Moreno Ruiz, José Luis. |
| 9 (RLIN) | 83430 |
| 830 0# - PUNTO DE ACCESO ADICIONAL DE SERIE-TÍTULO UNIFORME | |
| Título uniforme | El club Diógenes ; |
| Designación de volumen o secuencia | 193 |
| 9 (RLIN) | 179784 |
| 852 ## - LOCALIZACIÓN | |
| Ubicación | ES-MaACL |
| Número de control de estantería | A-14554 |
| itemnumber | 196402 |
| Sublocalización o colección | R.152121 |
| Ubicación en estantería | Depósito 1 |
| Signatura antigua | Olim: N-7554 |
| Donativo/Legado | Donación: Editorial |
| 942 ## - ELEMENTOS DE ENTRADA SECUNDARIOS (KOHA) | |
| Fuente del sistema de clasificación o colocación | Clasificación decimal universal |
| Tipo de ítem Koha | Libro impreso |
| Estatus retirado | Estado de pérdida | Fuente del sistema de clasificación o colocación | Estado de daño | No para préstamo | Biblioteca de origen | Biblioteca actual | Ubicación en estantería | Fecha de adquisición | Fuente de adquisición | Total de préstamos | Signatura topográfica completa | Código de barras | Visto por última vez | Precio de reemplazo | Tipo de ítem Koha |
|---|---|---|---|---|---|---|---|---|---|---|---|---|---|---|---|
| Clasificación decimal universal | Biblioteca del Ateneo de Madrid | Biblioteca del Ateneo de Madrid | Depósito 1 | 03/05/2019 | Donación | A-14554 | 1200488 | 23/02/2023 | 23/02/2023 | Libro impreso |
